Loading...
VASTHUSASTHRAM ADISTHANA THATHWANGAL
| Main Author: | |
|---|---|
| Format: | Printed Book |
| Published: |
KOLLAM
G.GEETHA DEVI AMMA
2014
|
| Subjects: |
| LEADER | 00487nam a2200169 4500 | ||
|---|---|---|---|
| 020 | |c 280.0 | ||
| 082 | |a 133.5 RAG | ||
| 100 | |a RAGHAVAN PILLAI S | ||
| 245 | |a VASTHUSASTHRAM ADISTHANA THATHWANGAL |h Malayalam | ||
| 250 | |||
| 260 | |a KOLLAM |b G.GEETHA DEVI AMMA |c 2014 | ||
| 300 | |a 224 p |f PB | ||
| 650 | |a VASTHUSASTHRAM | ||
| 700 | |||
| 942 | |c BK | ||
| 999 | |c 158153 |d 158153 | ||
| 952 | |0 0 |1 0 |4 0 |6 133_500000000000000_RAG |7 0 |9 171610 |a ORI |b ORI |g 280.00 |l 0 |o 133.5 RAG |p ORI7934 |r 2019-10-25 |w 2019-10-25 |y BK | ||